| 000 | 01699nam a22002777a 4500 | ||
|---|---|---|---|
| 999 |
_c62661 _d62661 |
||
| 003 | Ge_BSU | ||
| 005 | 20250120140301.0 | ||
| 008 | 250120s2024 ge ||||| |||| 00| 0 geo d | ||
| 020 | _a9789941856600 | ||
| 041 | _ageo | ||
| 080 | _a821.353.1-6 წ-39 | ||
| 100 |
_aწერედიანი, დავით _924067 |
||
| 245 |
_aთხზულებანი. პარაპეტი : _bლექსები. 1 / _cდავით წერედიანი; ავტ. და მთავ რედ. ა. ბედუკიძე; რედ. ი. ამირხანაშვილი, ლ. თითმერია, ვ. უსანეთაშვილი, რ. ჩხეიძე, უ. შერაზადიშვილი; ტომის რედ. ი. ამირხანაშვილი. |
||
| 264 |
_aთბილისი : _bილიას ფონდი, _c2024. |
||
| 300 |
_a600 გვ. ; _b21 სმ. |
||
| 653 | _aთხზულებანი | ||
| 653 | _aლექსები | ||
| 700 |
_aბედუკიძე, ა. _eმთ. რედაქტორი _924068 |
||
| 700 |
_a ამირხანაშვილი, ი. _eრედაქტორი _924069 |
||
| 700 |
_aთითმერია, ლ. _eრედაქტორი _924070 |
||
| 700 |
_a უსანეთაშვილი, ვ. _eრედაქტორი _924071 |
||
| 700 |
_a ჩხეიძე, რ. _eრედაქტორი _924072 |
||
| 700 |
_aშერაზადიშვილი, უ. _eრედაქტორი _924073 |
||
| 700 |
_aამირხანაშვილი, ი _eტომის რედ. _924074 |
||
| 942 |
_2udc _cᲬᲘᲒᲜᲘ |
||